| 000 | 00974nam a2200313Ia 4500 | ||
|---|---|---|---|
| 001 | Para_9839 | ||
| 003 | CHAP | ||
| 008 | 220125s2012 xx 000 0 und d | ||
| 010 | _a208499 | ||
| 020 | _a978-968-16-6229-5 | ||
| 040 | _cCHAP | ||
| 082 | _aPA 808.899282 C66 | ||
| 100 |
_aConlon-McKenna, Marita _9174932 |
||
| 245 |
_aBajo el espino : _b Los niños de la hambruna / _c Marita Conlon-McKenna; tradución de de Juan Elías Tovar Cross |
||
| 250 | _a1a ed., 6 reimpr. | ||
| 260 |
_aMéxico : _b FCE |
||
| 300 | _a118 p. | ||
| 440 |
_aCol. a la horilla del viento ; 148 _9174933 |
||
| 500 | _aTradución de: Under the Howthorn Tree. Children of the Famine | ||
| 650 |
_aLiteratura juvenil _9133802 |
||
| 700 |
_aTovar Cross, Juan Elías, tr. _9174934 |
||
| 901 | _aPA 808.899282 C66 | ||
| 902 | _aM | ||
| 905 | _a5222202012 a 9000000000 06 | ||
| 910 | _a2012 | ||
| 942 | _cPARA | ||
| 942 |
_cPARA _d1 |
||
| 999 |
_c208499 _d208499 |
||